1385 1241 1382 1116 1416 1937 1654 1496 1386 1409 1421 1053 1435 1780 1119 1163 1876 1205 1937 1114 1406 1736 1764 1212 1757 1650 1136 1668 1845 1404 1444 1468 1973 1578 1996 1262 1744 1462 1229 1657 1296 1164 1009 1004 1280 1818 1976 1044 1960 1858 1315 1356 1118 1565 1492 1334 1528 1220 1331 1391 1633 1337 1494 1556 1004 1408 1534 1377 1582 2000 1164 1863 1832 1229 1308 1776 1830 1549 1494 1778 1519 1818 1950 1705 1137 1607 1037 1994 1552 1033 1844 1801 1922 1998 1455 1915 1961 1027 1927 BCNSPRNW ULIB Ver.6.0+V

เปลี่ยนเป็นภาษาไทย

Change to English
 แสดงรายละเอียดบรรณานุกรม
  กลับหน้าหลัก

Brief Record : Get Marc (ISO 2709) : E-mail record : QR code < ปิดหน้าต่าง
LEADER : 00000nam 2200000uu 4500
001    13399121408
003     ULIB
008    121118s2551||||th 000 0 tha d
020    ^a9789749742280
050  4 ^aT385^bส784ค
100 0  ^aสุธารัตน์ วาจะเสน
245 10 ^aคู่มือ+DVD แปลงไฟล์โหลดคลิป ริปแผ่น /^cสุธารัตน์ วาจะเสน
260    ^aกรุงเทพฯ :^bโปรวิชั่น,^c2551
300    ^a160 หน้า :^bภาพประกอบ ;^c22 ซม.
650  7 ^aการประมวลผลภาพ
650  7 ^aแปลงไฟล์
710 1  ^aโปรวิชั่น
945    ^p169^l0^i15517
995    ^aวิภา
999 ^a ทศพร
รายการนี้ยังไม่มีแท็ก
คุณยังไม่ได้ล็อกอิน คุณสามารถมีกิจกรรมร่วมกับเว็บไซต์ได้ แต่ต้องล็อกอินก่อน ::
  ล็อกอิน

รายการสื่อสารสนเทศ

ลำดับที่ ประเภท เลขเรียก/บาร์โค้ด สถานที่ สถานะ
1. วิทยาศาสตร์การแพทย์ และสุขภาพ
วิทยาศาสตร์การแพทย์ และสุขภาพ
T385 ส784ค  
  Barcode: 15517
ห้องสมุดวิทยาเขตสวรรค์ประชารักษ์
►หนังสือทั่วไป
บนชั้น

รายการใกล้เคียง
    ผู้แต่ง [สุธารัตน์ วาจะเสน]

    หัวเรื่อง [การประมวลผลภาพ]
    หัวเรื่อง [แปลงไฟล์]

BibComment


ยังไม่เคยถูกคอมเมนท์

คอมเมนท์ทรัพยากรรายการนี้
  คอมเมนท์: คู่มือDVD แปลงไฟ..


 Copyright 2026. Bcnsprnw @Library